Statistics for Countries of Europe but only flags that have red

Click here to take the quiz!

General Stats

  • This quiz has been taken 42 times
    (33 since last reset)
  • The average score is 36 of 38

Answers on the Map

Answers color-coded by a green-red scale on the quiz's map according to % correct below.
 

Answer Stats

Country% Correct
Andorra
100%
France
100%
Italy
100%
Norway
100%
Russia
100%
Spain
100%
Switzerland
100%
United
Kingdom
100%
Austria
97%
Croatia
97%
Denmark
97%
Germany
97%
Liechtenstein
97%
Monaco
97%
Netherlands
97%
Poland
97%
Portugal
97%
Albania
94%
Belgium
94%
Hungary
94%
Iceland
94%
Latvia
94%
Vatican City
94%
Belarus
91%
Bulgaria
91%
Czech
Republic
91%
Luxembourg
91%
Moldova
91%
North
Macedonia
91%
Romania
91%
San Marino
91%
Serbia
91%
Slovakia
91%
Slovenia
91%
Lithuania
88%
Malta
88%
Montenegro
88%
Kosovo
84%

Score Distribution

Percentile by Number Answered

Percent of People with Each Score

Your Score History

You have not taken this quiz since the last reset